| 000 | 01445nam a2200349 i 4500 | ||
|---|---|---|---|
| 001 | 768714001 | ||
| 003 | CO-MdFUSB | ||
| 005 | 20260505144036.0 | ||
| 007 | ta | ||
| 008 | t2021 -us |||| |||| 00| 0 spa d | ||
| 020 | _a978-1-948578-75-2 | ||
| 040 |
_aCO-MdFUSB _bspa _cCO-MdFUSB _dCO-MdFUSBC _erda |
||
| 041 | _aspa | ||
| 082 |
_223 _a248.4 _bSH559 |
||
| 100 |
_aShogren, Gary Steven, _eautor |
||
| 245 | 1 |
_aTémpano a la vista : _bcuando los obreros de Dios chocan con la fría y dura realidad _c/ Gary S. Shogren |
|
| 264 | 1 |
_aSalem Oregón, Estados Unidos : _bPublicaciones Kerigma, _c[2021] |
|
| 264 | 4 | _c©2021 | |
| 300 |
_a166 páginas _c; 21 cm |
||
| 336 |
_2rdacontent _atexto _btxt |
||
| 337 |
_2rdamedia _asin mediación _bn |
||
| 338 |
_2rdacarrier _avolumen _bnc |
||
| 500 | _aIncluye índice | ||
| 505 | _aDios me ha llamado a una obra - ¿O No? -- Junto al camino hacia la meta de Dios para nosotros: ¡Colisiones! -- ¡Y más colisiones -- Cómo las personas malinterpretan las colisiones en sus vidas -- Interpretando nuestras colisiones a la luz de la Verdad de Dios -- Prestando atención a la renovadora confirmación de Dios -- Cómo el pueblo de Dios reescribe sus historias | ||
| 563 | _aRústico | ||
| 650 | 7 |
_aCristianismo _922 |
|
| 650 | 0 |
_aVida cristiana _919 |
|
| 653 | _aMinisterio cristiano — Dificultades | ||
| 653 | _aLiderazgo religioso | ||
| 942 | _cBK | ||
| 945 | _aCatherine Arias Alvarez | ||
| 999 |
_c71352 _d71352 |
||